| 000 | 00815nam a2200229Ia 4500 | ||
|---|---|---|---|
| 005 | 20250108124756.0 | ||
| 008 | 008 250107s9999 xx 000 0 hin d | ||
| 020 | _a978-0230-33195-2 | ||
| 037 | _aTB | ||
| 040 |
_aCRL _bhin _cCRL |
||
| 041 |
_ahin _2hin |
||
| 084 | _aV2:91 fR2 | ||
| 084 | _qCRL | ||
| 100 | _aपंड्या, महेशचन्द्र, ले. | ||
| 245 | 0 |
_aऐतिहासिक परिप्रेक्ष्य में प्रणामी धर्म _cपंड्या, महेशचन्द्र, ले. |
|
| 260 |
_aदिल्ली, भारत _bश्री प्राणनाथ मिशन _c2143 |
||
| 300 | _a92पृ0 | ||
| 365 |
_aINR _b0 |
||
| 650 | _aधर्म | ||
| 942 |
_cTB _hV2:91 fR2 |
||
| 999 |
_c1234531 _d1234531 |
||